Window Explained (Record no. 197588)

MARC details
000 -LEADER
fixed length control field 00339nam a22001337a 4500
008 - FIXED-LENGTH DATA ELEMENTS--GENERAL INFORMATION
fixed length control field 230828b |||||||| |||| 00| 0 eng d
082 ## - DEWEY DECIMAL CLASSIFICATION NUMBER
Classification number 621-WIN
100 ## - MAIN ENTRY--PERSONAL NAME
Personal name -
245 ## - TITLE STATEMENT
Title Window Explained
Medium English
260 ## - PUBLICATION, DISTRIBUTION, ETC. (IMPRINT)
Place of publication, distribution, etc A.I.C.B.
Name of publisher, distributor, etc Delhi
Date of publication, distribution, etc Rohini
270 ## - ADDRESS
Address A.I.C.B. Rohini, Delhi
300 ## - PHYSICAL DESCRIPTION
Extent 12x13
942 ## - ADDED ENTRY ELEMENTS (KOHA)
Source of classification or shelving scheme Dewey Decimal Classification
Item type Braille-Books-English
Call number prefix 621
Call number suffix WIN
Holdings
Withdrawn status Lost status Not for loan Home library Current library Date acquired Cost, normal purchase price Full call number Barcode Koha item type
      Braille-Library Braille-Library 28/08/2023 162.00 621-WIN BR-004496 Braille-Books-English
      Braille-Library Braille-Library 28/08/2023 162.00 621-WIN BR-004497 Braille-Books-English
      Braille-Library Braille-Library 28/08/2023 162.00 621-WIN BR-004498 Braille-Books-English
      Braille-Library Braille-Library 28/08/2023 162.00 621-WIN BR-004499 Braille-Books-English
      Braille-Library Braille-Library 28/08/2023 162.00 621-WIN BR-004500 Braille-Books-English
      Braille-Library Braille-Library 28/08/2023 162.00 621-WIN BR-004501 Braille-Books-English
      Braille-Library Braille-Library 28/08/2023 162.00 621-WIN BR-004502 Braille-Books-English
      Braille-Library Braille-Library 28/08/2023 162.00 621-WIN BR-004503 Braille-Books-English

© Delhi Public Library
Hit Counter
free hit counter